| 000 | 00371nam a2200133Ia 4500 | ||
|---|---|---|---|
| 999 |
_c21288 _d21288 |
||
| 082 | _aRB.0095 | ||
| 100 | _aBuch, M.N. | ||
| 245 | 0 | _aStudy of master plans of towns & cities in India | |
| 260 |
_c1981 _bICSSR, New Delhi |
||
| 300 | _a244p. | ||
| 650 | _aCITIES AND TOWNS - PLANNING - INDIA | ||
| 710 | _aNational Institute of Urban Affairs, New Delhi | ||
| 942 |
_cRP _2ddc |
||